Get the Picture: Arrested Development Quiz Stats

 Plays Quiz Updated Jul 19, 2019

Score 0/16 Timer 01:30
2 Plays Today
Question Answer Wrong Answers
Played by Jessica Walter Lucille Bluth
92.7%
George Michael Bluth
0.7%
GOB Bluth
0.8%
Tobias Fünke
0.4%
Played by Will Arnett GOB Bluth
90.6%
George Michael Bluth
2.2%
Tobias Fünke
2%
Lucille Bluth
0.5%
Played by Michael Cera George Michael Bluth
90%
GOB Bluth
2.6%
Tobias Fünke
1.9%
Lucille Bluth
0.4%
Played by David Cross Tobias Fünke
87.4%
George Michael Bluth
2.7%
GOB Bluth
3.9%
Lucille Bluth
0.4%
Member of the Blue Man Group Tobias Fünke
86.6%
George Michael Bluth
2.7%
GOB Bluth
5.5%
Lucille Bluth
0.4%
Illusionist GOB Bluth
81.5%
George Michael Bluth
4.4%
Tobias Fünke
7.7%
Lucille Bluth
1.1%
Is a 'Never Nude' Tobias Fünke
77%
George Michael Bluth
6.1%
GOB Bluth
5%
Lucille Bluth
6.7%
Mr. Manager of the Banana Stand George Michael Bluth
75.4%
GOB Bluth
10.5%
Tobias Fünke
8.3%
Lucille Bluth
0.7%
Child of George Bluth Sr. GOB Bluth
73.2%
George Michael Bluth
15.6%
Tobias Fünke
4.2%
Lucille Bluth
1.4%
Founded the '100% Natural Good-Time Family Band Solution' Tobias Fünke
70.1%
George Michael Bluth
7.3%
GOB Bluth
13%
Lucille Bluth
3.9%
Adopted two children Lucille Bluth
65.3%
George Michael Bluth
2%
GOB Bluth
10.8%
Tobias Fünke
16.2%
Inspiration of a horror movie monster Lucille Bluth
58%
George Michael Bluth
5.5%
GOB Bluth
9%
Tobias Fünke
22.1%
Founder of Fakeblock George Michael Bluth
51.5%
GOB Bluth
27%
Tobias Fünke
13.9%
Lucille Bluth
2.1%
Subject of an embarassing viral video George Michael Bluth
50.1%
GOB Bluth
19.1%
Tobias Fünke
21.3%
Lucille Bluth
4.4%
Engaged to Ann Veal GOB Bluth
44.7%
George Michael Bluth
41.4%
Tobias Fünke
8.1%
Lucille Bluth
0.7%
Married to a twin Lucille Bluth
37.8%
George Michael Bluth
3.8%
GOB Bluth
14.8%
Tobias Fünke
38.3%

Today's Daily Dose

You're not logged in!

Compare scores with friends on all Sporcle quizzes.
OR
Log In

Sporcle TV

Today on Sporcle TV


Watch our educational content, quiz creation guides, and fun videos on Sporcle TV.

Show Comments

Extras

Top Quizzes Today


Score Distribution

Your Account Isn't Verified!

In order to create a playlist on Sporcle, you need to verify the email address you used during registration. Go to your Sporcle Settings to finish the process.

Report this User

Report this user for behavior that violates our Community Guidelines.

Details: